LEADER 01990nam 2200337z- 450 001 9910557205603321 005 20231214141225.0 035 $a(CKB)5400000000041884 035 $a(oapen)https://directory.doabooks.org/handle/20.500.12854/74517 035 $a(EXLCZ)995400000000041884 100 $a20202111d2021 |y 0 101 0 $ager 135 $aurmn|---annan 181 $ctxt$2rdacontent 182 $cc$2rdamedia 183 $acr$2rdacarrier 200 10$aKirchenasyl unter der BAMF-Kirchen-Vereinbarung$eZur Verrechtlichung des Kirchenasyls in Folge der Flüchtlingskrise 210 $cUniversitätsverlag Göttingen$d2021 311 $a3-86395-516-1 330 $aThe subject of the dissertation is church asylum under the 2015 agreement of the Federal Office for Migration and Refugees (BAMF) and the Christian churches. The main legal, as well as actual differences to the granting of church asylum since the end of the 1980s are elaborated. The effects of the BAMF-church agreement and the subsequently implemented dossier procedure on the "legal problems" of church asylum are analyzed. This makes it possible to answer whether a legalization of church asylum - already feared 30 years ago - has occurred. In the result no legalization can be recognized, but a so far unknown degree of formalization. The state-provided hardship procedure for refugees in church asylum restricts the legitimacy of any sanctions or eliminates them altogether and shifts the burden of justification in other ways as well. This leads to new or changed consequences of church asylum under simple law. 517 $aKirchenasyl unter der BAMF-Kirchen-Vereinbarung 606 $aLaw$2bicssc 610 $achurch asylum 610 $aChristian churches 610 $alegalization 615 7$aLaw 700 $aBohm$b Simon$4auth$01318569 906 $aBOOK 912 $a9910557205603321 996 $aKirchenasyl unter der BAMF-Kirchen-Vereinbarung$93033412 997 $aUNINA LEADER 02746oas 2201081 a 450 001 9910145797703321 005 20260218112210.0 024 8 $aeb56797872 035 $a(OCoLC)319891682 035 $a(CONSER) 2009243793 035 $a(CKB)1000000000717120 035 $a(DE-599)ZDB2496706-3 035 $a(DE-599)2496706-3 035 $a(EXLCZ)991000000000717120 100 $a20090501a20099999 sy a 101 0 $aeng 135 $aurcnu|||||||| 181 $ctxt$2rdacontent 182 $cc$2rdamedia 183 $acr$2rdacarrier 200 10$aDatabase $ethe journal of biological databases and curation 210 $aOxford $cOxford Journals$d2009- 215 $aOnline resource 300 $aRefereed/Peer-reviewed 311 08$a1758-0463 517 3 $aJournal of biological databases and curation 531 10$aDatabase (Oxford) 531 0 $aDatabase 606 $aBiology$xDatabases$vPeriodicals 606 $aBioinformatics$vPeriodicals 606 $aBiology$xData processing$vPeriodicals 606 $aComputational Biology 606 $aBiologie$xBases de donne?es$vPe?riodiques 606 $aBio-informatique$vPe?riodiques 606 $aBio-informatique 606 $aBioinformatics$2fast$3(OCoLC)fst00832181 606 $aBiology$xData processing$2fast$3(OCoLC)fst00832406 608 $aPeriodical. 608 $aperiodicals.$2aat 608 $aPeriodicals.$2fast 608 $aPeriodicals.$2lcgft 608 $aPe?riodiques.$2rvmgf 615 0$aBiology$xDatabases 615 0$aBioinformatics 615 0$aBiology$xData processing 615 12$aComputational Biology. 615 6$aBiologie$xBases de donne?es 615 6$aBio-informatique 615 6$aBio-informatique. 615 7$aBioinformatics. 615 7$aBiology$xData processing. 712 02$aOxford Journals (Firm), 801 0$bYAM 801 1$bYAM 801 2$bNLM 801 2$bHEBIS 801 2$bOCLCQ 801 2$bGPM 801 2$bDLC 801 2$bOCLCQ 801 2$bORU 801 2$bJ9U 801 2$bOCLCF 801 2$bSNU 801 2$bDEBBG 801 2$bZZAND 801 2$bGWDNB 801 2$bOCLCQ 801 2$bOCLCO 801 2$bWT2 801 2$bSTBDS 801 2$bNLE 801 2$bOCLCA 801 2$bOCL 801 2$bOCLCQ 801 2$bAU@ 801 2$bUKMGB 801 2$bOCLCA 801 2$bOCLCQ 801 2$bSRU 801 2$bUBY 801 2$bOCLCO 801 2$bBWN 801 2$bMM9 801 2$bIVV 801 2$bOCLCQ 801 2$bDLC 801 2$bOCLCL 801 2$bOCLCQ 906 $aJOURNAL 912 $a9910145797703321 996 $aDatabase$92252122 997 $aUNINA